| 000 | 00390nam a22001337a 4500 | ||
|---|---|---|---|
| 020 | _a9789697705054 | ||
| 082 |
_a808.042 _bGIL |
||
| 100 | _aGill, Ayesha Asghar, Rabia Tabassum and Mohammed Asim Mehmood | ||
| 245 | _aEffective Reading and Academic Writing Skills | ||
| 260 |
_aFaisalabad _bUniversity of Agriculture, _c2022 |
||
| 300 | _a235p | ||
| 563 | _aPB | ||
| 942 |
_2ddc _cBK |
||
| 999 |
_c595086 _d595086 |
||